Statistiche per Seleziona la casella - Geografia d'Italia

Clicka qui per fare il quiz!

Statistiche generali

  • Questo quiz è stato fatto 3.285 volte
  • Il punteggio medio è 53 su 80

Statistiche sulle risposte

DomandaCasellaSelect% Corretto
le Regioni italiane a Statuto specialeBasilicataNo
97%
le Regioni italiane a Statuto specialeCalabriaNo
97%
le Regioni italiane a Statuto specialeEmilia RomagnaNo
97%
le Regioni italiane a Statuto specialeMarcheNo
97%
le Regioni italiane a Statuto specialePugliaNo
97%
le Regioni italiane a Statuto specialeToscanaNo
97%
le Regioni italiane a Statuto specialeUmbriaNo
97%
le Regioni italiane a Statuto specialeLiguriaNo
96%
le Regioni italiane a Statuto specialeLombardiaNo
95%
le Regioni italiane a Statuto specialeMoliseNo
95%
le Regioni italiane a Statuto specialePiemonteNo
94%
le Regioni italiane a Statuto specialeTrentino Alto Adige
93%
le Regioni italiane a Statuto specialeValle d'Aosta
89%
le Regioni italiane a Statuto specialeSicilia
83%
le Regioni italiane a Statuto specialeSardegna
82%
le città Capoluogo di ProvinciaVigevanoNo
82%
le città Capoluogo di ProvinciaFolignoNo
81%
le Montagne dell'AppenninoBiancoNo
80%
le Regioni italiane a Statuto specialeFriuli Venezia Giulia
80%
gli affluenti del PoFlumendosaNo
79%
le città Capoluogo di ProvinciaGelaNo
79%
le Montagne dell'AppenninoRosaNo
79%
gli affluenti del PoTevereNo
79%
le Montagne dell'AppenninoOrtlesNo
77%
gli affluenti del PoSalsoNo
77%
le isole delle EolieMarettimoNo
76%
le città Capoluogo di ProvinciaTermoliNo
74%
le isole delle EolieCapriNo
73%
gli affluenti del PoVolturnoNo
73%
le isole delle EolieGiglioNo
72%
le città Capoluogo di ProvinciaLa Spezia
72%
le Montagne dell'AppenninoMonvisoNo
72%
le Montagne dell'AppenninoCervinoNo
70%
le isole delle EolieFavignanaNo
70%
le isole delle EoliePonzaNo
70%
le città Capoluogo di ProvinciaCosenza
69%
le isole delle EolieIschiaNo
69%
le Montagne dell'AppenninoPizzo BerninaNo
69%
gli affluenti del PoRubiconeNo
69%
gli affluenti del PoArnoNo
68%
le Montagne dell'AppenninoGran Sasso
68%
gli affluenti del PoAdda
67%
le città Capoluogo di ProvinciaOtrantoNo
67%
le città Capoluogo di ProvinciaSassuoloNo
67%
le isole delle EolieElbaNo
66%
le Montagne dell'AppenninoGennargentuNo
66%
le Montagne dell'AppenninoMarmoladaNo
66%
le isole delle EolieUsticaNo
64%
le città Capoluogo di ProvinciaPrato
63%
le Montagne dell'AppenninoAdamelloNo
62%
le isole delle EoliePantelleriaNo
62%
le città Capoluogo di ProvinciaEmpoliNo
61%
le isole delle EolieStromboli
59%
le città Capoluogo di ProvinciaGorizia
58%
gli affluenti del PoIsonzoNo
58%
le città Capoluogo di ProvinciaSondrio
55%
le città Capoluogo di ProvinciaBiella
54%
le città Capoluogo di ProvinciaTeramo
53%
gli affluenti del PoTicino
53%
le isole delle EolieVulcano
52%
le isole delle EolieLipari
50%
le Montagne dell'AppenninoMaiella
49%
gli affluenti del PoOglio
49%
gli affluenti del PoMincio
48%
gli affluenti del PoPiaveNo
48%
le città Capoluogo di ProvinciaOristano
47%
gli affluenti del PoDora Riparia
46%
le Montagne dell'AppenninoPollino
46%
le Montagne dell'AppenninoFumaiolo
45%
le Montagne dell'AppenninoTerminillo
45%
le città Capoluogo di ProvinciaFermo
41%
le Montagne dell'AppenninoCimone
40%
gli affluenti del PoTanaro
36%
le isole delle EolieAlicudi
33%
le Montagne dell'AppenninoFalterona
33%
le isole delle EolieFilicudi
33%
le isole delle EoliePanarea
32%
gli affluenti del PoPanaro
31%
le isole delle EolieSalina
25%
gli affluenti del PoTaro
23%

Distribuzione punteggi

Percentile per numero di risposta

Percentuale di utenti per punteggio

I tuoi punteggi nel tempo

Non hai fatto questo quiz